000 00792nam a2200253Ia 4500
003 GCL
008 140319s9999 xx 000 0 ara d
040 _aGCL /
_cGCL
082 0 4 _a320.90904
_bع غ
100 1 _aعبدالعظيم رمضان
245 1 0 _aالغزوة الاستعمارية للعالم العربى وحركات المقاومة /
_cعبدالعظيم رمضان
260 _a[S.N] :
_bدار المعارف
300 _a300 ص
490 _a
650 0 4 _aالعصر الحديث
650 0 4 _aمصر
650 0 4 _aالعالم العربى
650 0 4 _aتاريخ
650 0 4 _aالثورات
650 0 4 _aحركات التحرير
650 0 4 _aالامبراطورية العثمانية
650 0 4 _aالمغرب العربى
942 _2ddc
_cBK
999 _c28122
_d28122